| 000 | 00000nam##2200000za#4500 |
| 001 | 9.642016 |
| 003 | CaOODSP |
| 005 | 20210624223506 |
| 007 | cr ||||||||||| |
| 008 | 150407|2007||||xxc|||||o f|0| 0 fre|d |
| 040 | |aCaOODSP|bfre |
| 043 | |an-cn--- |
| 086 | 1 |aEn4-223/2007F-PDF |
| 110 | 1 |aCanada. |bEnvironnement Canada. |
| 245 | 10|aVérification des frais d'accueil et de la conformité à la politique de divulgation |h[ressource électronique] |
| 260 | |aGatineau - Québec : |bEnvironnement Canada |cJuin 2007. |
| 300 | |a28p.|bfigure, tableaux |
| 590 | |a13-14-Supp|b2013-05-30 |
| 775 | 08|tAudit of hospitality expenses and compliance with the disclosure policy |w(CaOODSP)9.698016 |
| 856 | 40|ahttp://publications.gc.ca|qPDF|s162 Ko|uhttps://publications.gc.ca/collections/collection_2013/ec/En4-223-2007-fra.pdf |